Statistics for Regions of Spain Map Quiz

Click here to take the quiz!

General Stats

  • This quiz has been taken 86,395 times
  • The average score is 11 of 17

Answer Stats

Answer % Correct
Canary Islands
87%
Balearic Islands
85%
Catalonia
82%
Madrid
79%
Andalusia
74%
Valencia
69%
Basque Country
65%
Galicia
64%
Castile and León
61%
Murcia
57%
Extremadura
53%
Castile-La Mancha
53%
Aragon
52%
Asturias
48%
La Rioja
44%
Navarre
39%
Cantabria
37%

Score Distribution

Percentile by Number Answered

Percent of People with Each Score

Your Score History

You have not taken this quiz